| 000 | 00844nam a2200325 a 4500 | ||
|---|---|---|---|
| 003 | AR-BaBNM | ||
| 005 | 20251128205811.0 | ||
| 008 | 082120s2002 ||||||||||||||000 | spa|| | ||
| 020 | _a950-43-6556-6 | ||
| 040 | _cAR-BaBNM | ||
| 100 | 1 | _aPittaluga, Alejandro R. | |
| 245 | 0 | 0 |
_aCrecer, jugar y aprender _bconsejos y sugerencias |
| 260 |
_aBuenos Aires _b[s.n.] _c1995 |
||
| 300 |
_a311 p. _bil., tablas |
||
| 650 | 4 | _aEDUCACION FISICA | |
| 650 | 4 | _aSALUD | |
| 650 | 4 | _aNUTRICION | |
| 650 | 4 | _aHIGIENE | |
| 650 | 4 | _aMEDICINA | |
| 650 | 4 | _aACTIVIDADES DEPORTIVAS | |
| 650 | 4 | _aPSICOLOGIA | |
| 650 | 4 | _aCUERPO HUMANO | |
| 650 | 4 | _aCUIDADO DEL NIÑO | |
| 650 | 4 | _aEDUCACION DE LA MUJER | |
| 653 | _aEDUCACION PARA LA SALUD | ||
| 700 | 1 | _aCastro, Angel | |
| 700 | 1 | _aSicilia, Norberto R. | |
| 942 | _cBK | ||
| 998 | _cRaquel | ||
| 999 |
_c12859 _d12859 |
||